2024 Mechanical Engineering GATE/ (Record no. 197736)

MARC details
000 -LEADER
fixed length control field 00579nam a22001817a 4500
005 - DATE AND TIME OF LATEST TRANSACTION
control field 20230912145427.0
010 ## - LCCN (DPL NO)
LC control number ENG-137924
020 ## - INTERNATIONAL STANDARD BOOK NUMBER
Terms of availability 1095.00
International Standard Book Number 9789357051965
035 ## - SYSTEM CONTROL NUMBER
System control number EN-121456
037 ## - SOURCE OF ACQUISITION
Source of stock number/acquisition DBAD/PUB
082 ## - DEWEY DECIMAL CLASSIFICATION NUMBER
Classification number 629.11
245 ## - TITLE STATEMENT
Title 2024 Mechanical Engineering GATE/
260 ## - PUBLICATION, DISTRIBUTION, ETC. (IMPRINT)
Place of publication, distribution, etc Noida
Name of publisher, distributor, etc Pearson India Education Services Pvt Ltd
Date of publication, distribution, etc 2023
270 ## - ADDRESS
Address Ist Floor, Berger Tower, Plot No C-001A/2 Sector 16B
City Noida
Postal code 201301
300 ## - PHYSICAL DESCRIPTION
Extent vpp.
Dimensions 28cm(pbk)
500 ## - GENERAL NOTE
General note Comprehensive Guide To Boost Preparation
942 ## - ADDED ENTRY ELEMENTS (KOHA)
Source of classification or shelving scheme Dewey Decimal Classification
Item type English Books
Classification part 629.11
Call number suffix GAT
Holdings
Withdrawn status Lost status Not for loan Collection code Home library Current library Date acquired Source of acquisition Cost, normal purchase price Full call number Barcode Copy number Cost, replacement price Koha item type
      Non-fiction Central Jail Tihar Central Jail Tihar 31/08/2023 DBAD/PUB 1095.00 GAT 629.11 EN-121456 1 1095.00 English Books

© Delhi Public Library
Hit Counter
free hit counter